[Event "AUTO-OPEN-885"]
[Site "http://www.queenalice.com/game.php?id=296207"]
[Date "2007.11.1"]
[Round "1"]
[White "ricardosf"]
[Black "larissa"]
[Result "1-0"]
[WhiteElo "1518"]
[BlackElo "1247"]

1. e3 e5 2. Qf3 Nf6 3. b3 Be7 4. Ba3 Nc6 5. Bxe7 Qxe7 6. Bc4 O-O 7. Qh3 g6 8.
Nf3 Ne4 9. Nxe5 Nxe5 10. f3 d6 11. Qh6 Nf6 12. f4 Neg4 13. Qg5 a6 14. h3 Be6 15.
Bxe6 Qxe6 16. hxg4 c5 17. f5 Qe7 18. fxg6 fxg6 19. Nc3 Qe6 20. O-O Rf7 21. Rf4
Raf8 22. Nd5 Nxd5 23. Rxf7 Rxf7 24. Rf1 Rxf1+ 25. Kxf1 Qf7+ 26. Ke2 Kg7 27. c4
Nb4 28. d4 cxd4 29. exd4 Qe6+ 30. Kf3 Qf7+ 31. Kg3 Nxa2 32. Qh4 g5 33. Qxg5+ Kh8
34. c5 Qxb3+ 35. Kf4 Qf7+ 36. Kg3 Qb3+ 37. Kh4 dxc5 38. Qf6+ Kg8 39. dxc5 1-0

[Event "AUTO-OPEN-885"]
[Site "http://www.queenalice.com/game.php?id=296208"]
[Date "2007.11.1"]
[Round "1"]
[White "larissa"]
[Black "ambaradann"]
[Result "0-1"]
[WhiteElo "1242"]
[BlackElo "1932"]

1. e4 e5 2. Nf3 Nf6 3. Nc3 Nc6 4. Bc4 Bc5 5. O-O O-O 6. d3 Na5 7. Bb3 Nxb3 8.
axb3 Re8 9. Bg5 Be7 10. Nxe5 d6 11. Nf3 Bg4 12. h3 Bh5 13. Re1 Nd7 14. Bf4 Ne5
15. Nd5 c6 16. Nc3 Nxf3+ 17. gxf3 Bg5 18. Qd2 Bxf4 19. Qxf4 f6 20. Qh4 Bxf3 21.
Qf4 Bh5 22. Qh4 Bg6 23. Ne2 f5 24. Qxd8 Raxd8 25. Ng3 fxe4 26. dxe4 Re7 27. f3
Rde8 28. Re3 a6 29. Rae1 d5 30. b4 dxe4 31. fxe4 Rd8 32. Nf5 Bxf5 33. h4 Rde8
34. c3 Rxe4 35. Kf2 Rxe3 36. Rxe3 Rxe3 37. Kxe3 Kf7 38. Kf4 Ke6 39. c4 g6 40. c5
Kd5 41. b3 Kd4 42. Kg5 Kc3 43. h5 Kxb3 44. h6 Kxb4 45. Kf6 Kxc5 46. Kg7 g5 47.
Kf6 Bg6 48. Kxg5 a5 49. Kf6 a4 0-1

[Event "AUTO-OPEN-885"]
[Site "http://www.queenalice.com/game.php?id=296209"]
[Date "2007.11.1"]
[Round "1"]
[White "ambaradann"]
[Black "larissa"]
[Result "1/2-1/2"]
[WhiteElo "1934"]
[BlackElo "1240"]

1. e4 e5 2. f4 f6 3. Nf3 Nc6 4. Bc4 Bc5 5. fxe5 fxe5 6. Nxe5 Nxe5 7. Bxg8 Rxg8
8. Qh5+ g6 9. Qxe5+ Be7 10. O-O d6 11. Qg3 Bf6 12. c3 Be6 13. d4 d5 14. exd5
Bxd5 15. Re1+ Kf8 16. Nd2 Bh4 17. Qf4+ Bf7 18. Nc4 Bxe1 19. Ne5 Rg7 20. b3 Bxc3
21. Ba3+ Kg8 22. Rd1 Qd5 23. Qe3 Ba5 24. Qg5 Re8 25. Nxf7 Qxf7 26. Qxa5 b6 27.
Qxa7 g5 28. Rf1 Qd7 29. Bb2 Rf7 30. Rxf7 Qxf7 31. Bc3 Rf8 32. h3 Qf1+ 33. Kh2
Rf2 34. Qa8+ Kg7 35. d5+ Kf7 36. d6 cxd6 37. Qd5+ Kg6 38. Qxd6+ Kh5 39. Qd5 Rf5
40. Qc6 Qf4+ 41. Kh1 Qg3 42. Kg1 Qe3+ 43. Kh2 Rf1 44. Bg7 g4 45. hxg4+ Kxg4 46.
Qd7+ Rf5 47. Qa4+ Kg5 48. Qc6 Qf4+ 49. Kg1 Qf1+ 50. Kh2 Qf4+ 1/2-1/2

[Event "AUTO-OPEN-885"]
[Site "http://www.queenalice.com/game.php?id=296210"]
[Date "2007.11.1"]
[Round "1"]
[White "larissa"]
[Black "YouLoseSorry"]
[Result "0-1"]
[WhiteElo "1191"]
[BlackElo "1616"]

1. e4 e6 2. Nf3 Nf6 3. Nc3 Nc6 4. Bc4 d5 5. exd5 exd5 6. Be2 d4 7. Na4 Qe7 8.
O-O Ne5 9. d3 Nxf3+ 10. Bxf3 b5 11. Bxa8 Qd6 12. Qf3 Ng4 13. g3 h5 14. Bc6+ Kd8
15. Qe4 Nf6 16. Bg5 Be7 17. Bxf6 Bxf6 18. Rae1 Qf8 19. Qd5+ Qd6 20. Qxf7 Qxc6
21. c3 bxa4 22. Qg6 Bb7 23. f3 Rh6 24. Qf7 g5 25. Re8+ Qxe8 26. Qxe8+ Kxe8 27.
Re1+ Kd7 28. cxd4 Bxd4+ 29. Kh1 Bxf3# 0-1

[Event "AUTO-OPEN-885"]
[Site "http://www.queenalice.com/game.php?id=296211"]
[Date "2007.11.1"]
[Round "1"]
[White "YouLoseSorry"]
[Black "larissa"]
[Result "1-0"]
[WhiteElo "1586"]
[BlackElo "1191"]

1. e4 e5 2. Qf3 Nf6 3. Bc4 Nc6 4. g4 h6 5. d3 g5 6. h4 Nd4 7. Qg3 Bg7 8. Qxe5+
Ne6 9. hxg5 Nxg4 10. Qf5 Bxb2 11. Bxb2 Nf6 12. Qxf6 Qxf6 13. Bxf6 Nc5 14. Nf3
Rh7 15. Ne5 d6 16. d4 dxe5 17. Bxe5 Ne6 18. d5 Nc5 19. gxh6 Bg4 20. Rg1 Bf3 21.
Rg8+ Ke7 22. Rxa8 Rxh6 23. Nd2 Rh1+ 24. Nf1 Bg2 25. Rxa7 Rxf1+ 26. Bxf1 Bxe4 27.
Bxc7 Bxd5 28. Rd1 Bxa2 29. Bd6+ 1-0

[Event "Challenge"]
[Site "http://www.queenalice.com/game.php?id=303419"]
[Date "2007.11.13"]
[Round "-"]
[White "larissa"]
[Black "alvarogoulart"]
[Result "0-1"]
[WhiteElo "1245"]
[BlackElo "1860"]

1. e4 e5 2. Nf3 d6 3. Bc4 h6 4. Nc3 Bg4 5. Be2 Bxf3 6. Bxf3 Nf6 7. d3 Nc6 8. Be3
Be7 9. d4 exd4 10. Bxd4 Nxd4 11. Qxd4 c5 12. Qd1 a6 13. O-O O-O 14. a3 Rb8 15.
Nd5 Nxd5 16. Qxd5 Bf6 17. Be2 Be5 18. c3 Qh4 19. g3 Qe7 20. Rab1 b5 21. Bg4 Qg5
22. Bf3 Kh8 23. b4 cxb4 24. cxb4 Qf6 25. Bg4 Qg5 26. Bf3 Rbc8 27. Qb7 Ra8 28.
Rbc1 Bb2 29. Rc6 Bxa3 30. Rxd6 Bxb4 31. Rd5 Qf6 32. Rf5 Qd6 33. e5 Qg6 34. Bh5
Qxf5 35. Bf3 Qxe5 36. Qc6 Rfc8 37. Qe4 Qxe4 38. Bxe4 Ra7 39. Bf5 Rc5 40. h4 Rxf5
41. f4 Re7 42. Kh1 Re1 43. Rxe1 Bxe1 44. Kg2 b4 45. Kf1 Bxg3 0-1

[Event "Challenge"]
[Site "http://www.queenalice.com/game.php?id=303420"]
[Date "2007.11.13"]
[Round "-"]
[White "larissa"]
[Black "alvarogoulart"]
[Result "0-1"]
[WhiteElo "1249"]
[BlackElo "1702"]

1. e4 e5 2. Nf3 d6 3. Bc4 h6 4. Nc3 Bg4 5. Nxe5 dxe5 6. Qxg4 Nf6 7. Qf3 Be7 8.
d3 a6 9. O-O Nc6 10. Be3 Bb4 11. Nd5 Be7 12. Rad1 Nb4 13. Bb3 Nbxd5 14. exd5 Bd6
15. a3 O-O 16. h3 Re8 17. Rfe1 a5 18. Bc4 b6 19. Bb5 Re7 20. Re2 Rb8 21. Red2
Bc5 22. d4 exd4 23. Bxd4 Bxd4 24. Rxd4 Re5 25. d6 cxd6 26. Rxd6 Qc7 27. c3 Rxb5
28. R1d4 Rxb2 29. Qg3 Rb1+ 30. Rd1 Rxd1+ 31. Kh2 Rxd6 0-1

[Event "Challenge"]
[Site "http://www.queenalice.com/game.php?id=303424"]
[Date "2007.11.13"]
[Round "-"]
[White "larissa"]
[Black "holandes"]
[Result "1-0"]
[WhiteElo "1191"]
[BlackElo "1541"]

1. e4 e5 2. Nf3 d6 3. Bc4 h6 4. Nc3 c6 5. d4 Bg4 6. Be2 Nf6 7. Be3 Nbd7 8. d5
cxd5 9. exd5 Qa5 10. O-O Be7 11. Bd2 Qb6 12. b3 e4 13. Nh4 Bxe2 14. Qxe2 O-O 15.
Nf5 Bd8 16. Be3 Qa5 17. Bd2 Nxd5 18. Qg4 Bf6 19. Bxh6 Qxc3 20. Rad1 Qe5 21. f4
Qc3 22. Rxd5 Rac8 23. Rxd6 Rfd8 24. Rxf6 Qxf6 25. Bxg7 Qg6 26. Ne7+ 1-0

[Event "Challenge"]
[Site "http://www.queenalice.com/game.php?id=307484"]
[Date "2007.11.21"]
[Round "-"]
[White "larissa"]
[Black "Ponce"]
[Result "0-1"]
[WhiteElo "1247"]
[BlackElo "1616"]

1. e4 e5 2. Nf3 Bd6 3. Bc4 h6 4. Nc3 Nf6 5. d3 c6 6. Be3 O-O 7. O-O b5 8. Bb3
Ba6 9. a3 c5 10. Nd5 Nc6 11. a4 b4 12. h3 Nd4 13. Nxd4 exd4 14. Bd2 Nxe4 15. Bc4
Bxc4 16. dxc4 Be5 17. Be1 Nd6 18. b3 d3 19. cxd3 Nf5 20. Bd2 Bxa1 21. Qxa1 Nd4
22. Qe1 Qe8 23. Nc7 Qxe1 24. Rxe1 Rac8 25. Nb5 Rc6 26. Nxa7 Rg6 27. Nb5 Nf3+ 28.
Kh1 Nxe1 29. Bxe1 Re8 30. Bd2 Re2 31. Be3 Rb2 32. Bxc5 Rxb3 33. d4 Rb2 34. Kg1
Rf6 35. d5 Rb1+ 36. Kh2 b3 37. Bd4 Ra6 38. Nc3 Ra1 39. Nb5 R1xa4 40. Nc7 R6a5
41. Bb6 b2 42. Bxa5 Rxa5 0-1

[Event "Challenge"]
[Site "http://www.queenalice.com/game.php?id=307485"]
[Date "2007.11.21"]
[Round "-"]
[White "larissa"]
[Black "Ponce"]
[Result "0-1"]
[WhiteElo "1247"]
[BlackElo "1610"]

1. d4 e6 2. e3 c5 3. Nf3 Qc7 4. c3 d5 5. Nbd2 c4 6. Be2 Nd7 7. O-O Ndf6 8. b3
Bd6 9. bxc4 Bd7 10. c5 Be7 11. Ba3 Nh6 12. Ne5 O-O 13. Rb1 Qa5 14. Qc1 Bc6 15.
Ndc4 Qc7 16. Bb4 Nf5 17. Ba5 b6 18. cxb6 Qb7 19. bxa7 Qc8 20. Nb6 Qb7 21. Na4
Qxa7 22. Bd1 Bxa4 23. Bb6 Qa6 24. Bxa4 Qxa4 25. Rb4 Bxb4 26. c4 Qxa2 27. Bc5
Bxc5 28. dxc5 d4 29. c6 dxe3 30. fxe3 Nh4 31. Rf2 Qa5 32. g3 Nf5 33. Nd7 Nxd7
34. cxd7 Rad8 35. Rd2 Qa7 36. Rd3 Rxd7 37. Ra3 Qc5 38. Rc3 g6 39. Rb3 Rfd8 40.
Qc2 Rd1+ 41. Kg2 Nxe3+ 0-1

[Event "Challenge"]
[Site "http://www.queenalice.com/game.php?id=335698"]
[Date "2008.1.13"]
[Round "-"]
[White "larissa"]
[Black "samuelrmgs"]
[Result "0-1"]
[WhiteElo "1231"]
[BlackElo "1231"]

1. e4 e5 2. Nf3 Nf6 3. Nc3 Nc6 4. Bc4 Bb4 5. a3 Bxc3 6. dxc3 Nxe4 7. O-O h6 8.
Be3 d6 9. Bb5 a6 10. Bxc6+ bxc6 11. Nd2 d5 12. Nxe4 Bd7 13. Ng3 Qc8 14. h3 Rb8
15. b4 e4 16. Qh5 O-O 17. Qe2 Re8 18. Nh5 Qd8 19. Bd4 Be6 20. f3 exf3 21. Qxf3
f6 22. Qg3 Qd7 23. Nxf6+ Kf7 24. Nxe8+ Kxe8 25. Qg6+ Qf7 0-1

[Event "Challenge"]
[Site "http://www.queenalice.com/game.php?id=336588"]
[Date "2008.1.15"]
[Round "-"]
[White "larissa"]
[Black "holandes"]
[Result "0-1"]
[WhiteElo "1213"]
[BlackElo "1826"]

1. e4 e5 2. Nf3 d6 3. Bc4 h6 4. Nc3 c6 5. d3 a5 6. Be3 Nf6 7. O-O b5 8. Bxf7+
Kxf7 9. Nh4 Bg4 10. f3 Bh5 11. g4 Bg6 12. Nxg6 Kxg6 13. Qe2 Be7 14. f4 Kh7 15.
Qf3 Rf8 16. Qh3 Kg8 17. g5 Nh7 18. g6 Nf6 19. Qe6+ Kh8 20. a3 Na6 21. Qh3 Qc7
22. fxe5 dxe5 23. b3 c5 24. Nxb5 Qc6 25. c4 Nc7 26. Nxc7 Qxc7 27. Bxh6 gxh6 0-1

[Event "Challenge"]
[Site "http://www.queenalice.com/game.php?id=347623"]
[Date "2008.2.3"]
[Round "-"]
[White "larissa"]
[Black "YouLoseSorry"]
[Result "0-1"]
[WhiteElo "1252"]
[BlackElo "1522"]

1. e4 e5 2. Nf3 d6 3. Bc4 Be6 4. d3 Bxc4 5. dxc4 Nf6 6. Nc3 Nc6 7. Bg5 h6 8. Be3
Ng4 9. O-O f5 10. exf5 Qf6 11. Nd5 Qd8 12. c3 Nxe3 13. fxe3 Ne7 14. f6 Nxd5 15.
cxd5 Qxf6 16. Nd2 Qg5 17. Ne4 Qxe3+ 18. Nf2 O-O-O 0-1

[Event "Challenge"]
[Site "http://www.queenalice.com/game.php?id=347632"]
[Date "2008.2.3"]
[Round "-"]
[White "larissa"]
[Black "alvarogoulart"]
[Result "0-1"]
[WhiteElo "1215"]
[BlackElo "1757"]

1. e4 e5 2. Nf3 d6 3. Nc3 Bg4 4. Be2 Bxf3 5. Bxf3 Nf6 6. d3 Nc6 7. Be3 Be7 8.
O-O h6 9. Nd5 Nxd5 10. c3 Nxe3 11. fxe3 Bg5 12. Bh5 g6 13. Bg4 Bxe3+ 14. Kh1 h5
15. Be2 Qg5 16. Rf3 h4 17. Qb3 O-O 0-1

[Event "Challenge"]
[Site "http://www.queenalice.com/game.php?id=368517"]
[Date "2008.3.10"]
[Round "-"]
[White "larissa"]
[Black "Kingfish"]
[Result "0-1"]
[WhiteElo "1239"]
[BlackElo "1447"]

1. e4 Nf6 2. Nc3 e5 3. Nf3 d5 4. exd5 Nxd5 5. Bc4 Nxc3 6. bxc3 Nc6 7. O-O g6 8.
d3 Bg7 9. Ng5 O-O 10. Bd2 h6 11. Ne4 Kh8 12. f4 a6 13. a4 Bf5 0-1